Países fronterizos con las capitales más distantes - Estadísticas

Estadísticas generales
  • Esta prueba ha sido intentada 61 veces
  • La puntuación promedio es 17 de 21
Estadísticas de respuestas
País % Correcto
China
98%
Rusia
98%
Mongolia
94%
Brasil
91%
Estados Unidos
89%
India
89%
Francia
87%
Perú
87%
Colombia
85%
México
85%
Kazajistán
83%
Venezuela
83%
Corea del Norte
79%
Kirguistán
79%
Nepal
74%
Tayikistán
74%
Afganistán
72%
Pakistán
72%
Surinam
72%
Indonesia
57%
Papúa Nueva Guinea
53%
No se encontraron pruebas coincidentes
Distribución de puntuación
Porcentaje de gente con cada puntuación
Porcentaje por número respondido
Historial de tus puntuaciones
No has intentado esta prueba.